Normal view
MARC view
Entry Uniform Title
001 - CONTROL NUMBER
- control field: 25576
003 - CONTROL NUMBER IDENTIFIER
- control field: ARRUPE
005 - DATE AND TIME OF LATEST TRANSACTION
- control field: 20160905083832.0
008 - FIXED-LENGTH DATA ELEMENTS
- fixed length control field: 160905|| aca||aabn | a|a d
040 ## - CATALOGING SOURCE
- Original cataloging agency: ARRUPE
- Transcribing agency: ARRUPE
130 ## - HEADING--UNIFORM TITLE
- Uniform title: Bible.
- Name of part/section of a work: Peter,
- General subdivision: Commentaries
670 ## - SOURCE DATA FOUND
- Source citation: Work cat.: (ARRUPE)0: Horrell, David G. 22881, 1 Peter /, 2008.